000 00423pab a2200169 454500
008 180718b1997 xxu||||| |||| 00| 0 eng d
100 _aPatel, A.R.
245 _a50 years of rural banking: performance and challenges
260 _c1997
300 _ap.8
362 _a5 Jun
650 _aRural development
650 _aFinancial institutions
650 _aBanks
773 _aHindu (Business Line)
909 _a34963
999 _c34963
_d34963